Practical Guide to Environmental Management

Bibliographic Details
Main Author: Friedman, Frank B.
Format: eBook
Language:English
Published: Washington DC: Environmental Law Institute, 2006
Edition:10ʻ Edicin̤
Subjects:
Online Access:Acceso restringido

MARC

LEADER 00000nam a22000007a 4500
005 20220919233728.0
007 cr|||| ||||
008 220919s2006 us |||||s|||| 00||0 eng d
020 |a 1-58576-097-8 
035 |a 36431 
040 |a vLex 
090 |c 13952  |d 13952 
100 1 |a Friedman, Frank B. 
245 1 0 |a Practical Guide to Environmental Management  |h [Recurso electrn̤ico] /  |c Frank B. Friedman 
250 |a 10ʻ Edicin̤ 
256 |a Servicio en ln̕ea 
260 |a Washington DC:  |b Environmental Law Institute,  |c 2006 
300 |a 1 recurso electrn̤ico 
500 |a Frank Friedman’s Practical Guide to Environmental Management, 10th Edition (PGEM) has earned its place among the classic texts on environmental management. PGEM provides readers with the firm grounding in history necessary to put environmental issues in context and a practical map to avoid the pitfalls and capitalize on the potential rewards inherent in the field. It is rare to find a book that combines insight with pragmatism so that it serves as both a desk reference and a definitive treatise. PGEM now enters its 10th edition with new material on social responsibility, the Sarbanes-Oxley Act, criminal sentencing guidelines, and several other areas. This edition of PGEM retains its focus on the practical, while also surveying the developing trends in environmental management. As Friedman notes, environmental management systems and corporate behavior, particularly in developing countries, increasingly serve as the de facto system of environmental governance and are key to ensuring environmental protection goals are met. In this new edition, Friedman does a superb job of orienting the environmental manager in this new era 
506 1 |a Disponible solo en los productos indicados  |d vLex Global  |d vLex Global (Academic Edition, excluding Law Schools)  |d vLex Global (Academic Edition, Law Schools) 
650 0 4 |a Derecho del Medio Ambiente  |z Estados Unidos 
740 0 |a vLex Libros (Servicio en ln̕ea) 
856 4 0 |u https://app.vlex.com/#/sources/36431  |z Acceso restringido 
942 |c BOOK 
999 0 |a Environmental Law